Business rates - the transitional arrangements (Record no. 22310)

MARC details
000 -LEADER
fixed length control field 00766cab a2200193 4500
001 - CONTROL NUMBER
control field ABS41905
008 - FIXED-LENGTH DATA ELEMENTS--GENERAL INFORMATION
fixed length control field 090401t1989 xxu||||| |||| 00| 0 eng d
035 ## - SYSTEM CONTROL NUMBER
System control number (Sirsi) u33388
041 ## - LANGUAGE CODE
Language code of text/sound track or separate title eng
100 ## - MAIN ENTRY--PERSONAL NAME
Personal name Lee, M.
245 ## - TITLE STATEMENT
Title Business rates - the transitional arrangements
260 ## - PUBLICATION, DISTRIBUTION, ETC.
Date of publication, distribution, etc. 1989
350 ## - PRICE (NR) (BK AM CF MU VM SE) [OBSOLETE]
Price 0
490 ## - SERIES STATEMENT
Series statement RVA Monthly
Volume/sequential designation December 1989 327-328(2)
520 ## - SUMMARY, ETC.
Summary, etc. An examination of the phasing in arrangements for business rates. Highlights some of the queries raised, including the position of properties, which are to be occupied just before 31 March 1990, the calculation of the annual limit on increases and decreases in rate bills and adjustments, which can be made.
690 ## - LOCAL SUBJECT ADDED ENTRY--TOPICAL TERM (OCLC, RLIN)
Topical term or geographic name as entry element RATING AND VALUATION
942 ## - ADDED ENTRY ELEMENTS (KOHA)
Suppress in OPAC 0
948 ## - LOCAL PROCESSING INFORMATION (OCLC); SERIES PART DESIGNATOR (RLIN)
c (OCLC) 04/03/1997
Holdings
Withdrawn status Lost status Source of classification or shelving scheme Damaged status Not for loan Home library Current library Shelving location Date acquired Total Checkouts Full call number Barcode Date last seen Copy number Price effective from Koha item type
    Dewey Decimal Classification     London London Journal article 14/09/1999   ABS41905 33388-1001 06/08/2019 1 06/08/2019 Journal article